000 00638nam a2200241Ia 4500
003 OSt
005 20220918174437.0
006 a|||||r|||| 00| 0
007 ta
008 220917b |||||||| |||| 00| 0 eng d
024 _a12,210
037 _cTextual
040 _aARTS
_cARTS
_beng
041 _2eng
_aeng
082 _a/\x, L5-;1
100 _aYatiswarananda Swami
_950532
245 0 _aAdventures in religious life
260 _aMadras
_bSri Ramakrishna Math
_c1975
300 _axxiv,294p.
_ccm.
650 _aSPIRITUALISM
942 _h/\x, L5-;1
_cTEXL
_2CC
999 _c153244
_d153244